000 01429nam a2200325 i 4500
001 000021062
003 DO-SdBNP
005 20250925105901.0
007 ta
008 100830t2000 dr ac 001 0dspa d
040 _aDO-SdBNP
_bspa
_cBNPHU
_erda
041 _aspa
082 4 _a923.17293053
_bT866c
_222
100 1 _aCastro Beras, Pantolín de,
_d1930-
_eautor
_4aut.
_944006
245 1 0 _aTrujillo y mis vivencias /
_cPantolín de Castro Beras ; cuidado de edición, Tomás Castro Burdiez ; prólogo, Bonaparte Gautreaux Piñeiro ; ilustraciones, José Manuel Paniagua.
250 _aPrimera edición
264 4 _aSanto Domingo, República Dominicana :
_bEditora Corripio,
_c©2000.
300 _a257 páginas :
_bilustraciones, retratos ;
_c22 cm.
336 _atexto
_btxt
_2rdacontent
337 _asin mediación
_bn
_2rdamedia
338 _avolumen
_bnc
_2rdacarrier
590 _aInventariado, 2024/BT
600 1 4 _aTrujillo Molina, Rafael Leónidas,
_d1891-1961
_vAnécdotas, chistes y sátiras, etc.
_922667
651 4 _aRepública Dominicana
_xHistoria
_yEra de Trujillo, 1930-1961
_v Ensayos, conferencias, etc.- Discursos
_978796
700 1 _aGautreaux Piñeiro, Bonaparte,
_d1937-,
_eprologuista
_944051
_4pr.
700 1 _aCastro Burdiez, Tomás,
_d1959-
_eeditor
_4ed.
_924641
700 1 _aPaniagua, José Manuel,
_eilustrador
_4il.
_985521
910 _aValidado. Control de calidad. EMS.
942 _2ddc
_cLBS1
999 _c20565
_d20565